| 000 | 00634nam a22001577a 4500 | ||
|---|---|---|---|
| 008 | 170307b xxu||||| |||| 00| 0 eng d | ||
| 082 |
_22016 _aUT 0674 _bF66 |
||
| 100 |
_919057 _aFlorentino, Iris H. |
||
| 245 |
_aCollinearity And Reliability Indices of Accounting Management Efficacy Inventory (AMEI). _cIris H. Florentino, Melody Amor A. Garcia and Sheila May D. Gregorio |
||
| 300 |
_a64 pages; _b29 cm. |
||
| 650 | 0 |
_919058 _aAccounting _vAccounting Technology _xUndergraduate Thesis. |
|
| 700 |
_919059 _aFlorentino, Iris H. |
||
| 700 |
_919060 _aGarcia, Melody Amor A. |
||
| 700 |
_919061 _aGregorio, Shiela Mary D. |
||
| 942 |
_2ddc _cUT |
||
| 999 |
_c6348 _d6348 |
||